Povinnosti fyzických osôb po skončení roku 1995 v súvislosti so zdanením dosiahnutých príjmov. 1

Prvá časť súhrnu povinností fyzických osôb v súvislosti so zdanením príjmov dosiahnutých za r. 1995. Hlavné zásady, ktoré sa musia dodržať pri priznaní dane - spôsob stanovenia základu dane, legislatívny rámec vymedzujúci priznanie dane z príjmu. Príjmy, ktoré sa nezapočítavajú do daňového základu....

Descrizione completa

Salvato in:
Dettagli Bibliografici
Autore principale: Piršelová, Dagmar
Natura: Capitolo di libro
Lingua:slovacco
Soggetti:
Tags: Aggiungi Tag
Nessun Tag, puoi essere il primo ad aggiungerne!!

MARC

LEADER 00000naa a2200000 4500
001 r019956
005 20230801103522.1
041 0 |a slo 
044 |a SK 
245 1 0 |a Povinnosti fyzických osôb po skončení roku 1995 v súvislosti so zdanením dosiahnutých príjmov. 1  |c Dagmar Piršelová 
520 |a Prvá časť súhrnu povinností fyzických osôb v súvislosti so zdanením príjmov dosiahnutých za r. 1995. Hlavné zásady, ktoré sa musia dodržať pri priznaní dane - spôsob stanovenia základu dane, legislatívny rámec vymedzujúci priznanie dane z príjmu. Príjmy, ktoré sa nezapočítavajú do daňového základu. Príjmy oslobodené od dane. 
610 2 0 |a Slovensko 
610 2 0 |a 1995 
610 2 0 |a 1996 
610 2 0 |a priznania daňové 
610 2 0 |a osoby fyzické 
610 2 0 |a dane z príjmov 
100 1 |a Piršelová, Dagmar